Black Sabbath Discography - Statistics

General Stats
  • This quiz has been taken 108 times
  • The average score is 47 of 171
Answer Stats
Year Album Song % Correct
1970 Paranoid Paranoid
97%
1970 Black Sabbath Black Sabbath
94%
1992 Dehumanizer I
94%
1970 Paranoid War Pigs
92%
1970 Paranoid Iron Man
91%
1970 Black Sabbath N.I.B.
78%
1971 Master of Reality Children of the Grave
77%
1970 Paranoid Planet Caravan
77%
1971 Master of Reality Sweet Leaf
77%
1970 Paranoid Fairies Wear Boots
75%
1973 Sabbath Bloody Sabbath Sabbath Bloody Sabbath
75%
1970 Black Sabbath The Wizard
75%
1970 Paranoid Electric Funeral
73%
1971 Master of Reality Into the Void
73%
1980 Heaven and Hell Heaven and Hell
72%
1972 Vol. 4 Changes
67%
1972 Vol. 4 Snowblind
67%
1970 Black Sabbath Evil Woman
66%
1970 Paranoid Rat Salad
63%
1981 Mob Rules The Mob Rules
61%
1970 Paranoid Hand of Doom
58%
1978 Never Say Die! Never Say Die
56%
1971 Master of Reality Orchid
55%
1970 Black Sabbath Behind the Wall of Sleep
50%
1973 Sabbath Bloody Sabbath Sabbra Cadabra
50%
1972 Vol. 4 Supernaut
50%
1983 Born Again Born Again
48%
1971 Master of Reality Solitude
48%
1970 Black Sabbath Warning
48%
2013 13 God Is Dead?
47%
1975 Sabotage Hole in the Sky
47%
1971 Master of Reality Lord of This World
47%
1970 Black Sabbath Sleeping Village
47%
1975 Sabotage Symptom of the Universe
45%
1973 Sabbath Bloody Sabbath A National Acrobat
44%
1971 Master of Reality Embryo
44%
1980 Heaven and Hell Neon Knights
44%
1971 Singles Wicked World
44%
1980 Heaven and Hell Children of the Sea
42%
1972 Vol. 4 FX
41%
1989 Headless Cross Headless Cross
41%
1973 Sabbath Bloody Sabbath Killing Yourself to Live
41%
1971 Master of Reality After Forever
39%
1986 Seventh Star Seventh Star
39%
1972 Vol. 4 Cornucopia
38%
1976 Technical Ecstasy Dirty Women
38%
1975 Sabotage Supertzar
38%
1975 Sabotage Megalomania
36%
1972 Vol. 4 Under the Sun
36%
1973 Sabbath Bloody Sabbath Fluff
34%
1972 Vol. 4 Wheels of Confusion
34%
1975 Sabotage The Writ
33%
1975 Sabotage Am I Going Insane (Radio)
31%
1995 Forbidden Forbidden
31%
1972 Vol. 4 Laguna Sunrise
30%
1972 Vol. 4 St. Vitus Dance
30%
1972 Vol. 4 Tomorrow's Dream
30%
1980 Heaven and Hell Lady Evil
28%
1973 Sabbath Bloody Sabbath Looking for Today
28%
1973 Sabbath Bloody Sabbath Spiral Architect
28%
1981 Mob Rules The Sign of the Southern Cross
28%
1973 Sabbath Bloody Sabbath Who Are You?
28%
1975 Sabotage Don't Start (Too Late)
27%
2013 13 End of the Beginning
27%
1980 Heaven and Hell Die Young
25%
1978 Never Say Die! Junior's Eyes
25%
1975 Sabotage Thrill of It All
25%
1981 Mob Rules Country Girl
23%
1981 Mob Rules Voodoo
23%
1983 Born Again Zero the Hero
23%
1976 Technical Ecstasy Back Street Kids
22%
1992 Dehumanizer Computer God
22%
1976 Technical Ecstasy It's Alright
22%
2013 13 Loner
22%
1976 Technical Ecstasy Rock 'n' Roll Doctor
22%
1983 Born Again Trashed
22%
2013 13 Zeitgeist
22%
1978 Never Say Die! Air Dance
20%
1987 The Eternal Idol Eternal Idol
20%
1981 Mob Rules Falling Off the Edge of the World
20%
1978 Never Say Die! Johnny Blade
20%
1978 Never Say Die! Shockwave
20%
1978 Never Say Die! Swinging the Chain
20%
1981 Mob Rules Turn Up the Night
20%
1980 Heaven and Hell Wishing Well
20%
1976 Technical Ecstasy You Won't Change Me
20%
1976 Technical Ecstasy All Moving Parts (Stand Still)
19%
1976 Technical Ecstasy Gypsy
19%
1980 Heaven and Hell Lonely Is the Word
19%
1983 Born Again Stonehenge
19%
1992 Dehumanizer TV Crimes
19%
1978 Never Say Die! Breakout
17%
1983 Born Again Disturbing the Priest
17%
1981 Mob Rules E5150
17%
1976 Technical Ecstasy She's Gone
17%
1992 Dehumanizer After All (The Dead)
16%
1990 Tyr Anno Mundi
16%
2013 13 Dear Father
16%
1978 Never Say Die! Hard Road
16%
1983 Born Again Hot Line
16%
1990 Tyr Jerusalem
16%
1990 Tyr Odin's Court
16%
1981 Mob Rules Over and Over
16%
1978 Never Say Die! Over to You
16%
1990 Tyr Valhalla
16%
2013 13 Age of Reason
14%
2013 13 Damaged Soul
14%
1989 Headless Cross Devil & Daughter
14%
1983 Born Again Digital Bitch
14%
1983 Born Again Keep It Warm
14%
2013 13 Live Forever
14%
2013 13 Methademic
14%
2013 13 Pariah
14%
1981 Mob Rules Slipping Away
14%
1990 Tyr The Sabbath Stones
14%
1992 Dehumanizer Time Machine
14%
1980 Heaven and Hell Walk Away
14%
1989 Headless Cross When Death Calls
14%
1992 Dehumanizer Buried Alive
13%
1994 Cross Purposes Cross of Thorns
13%
1994 Cross Purposes I Witness
13%
1992 Dehumanizer Letters from Earth
13%
1986 Seventh Star No Stranger to Love
13%
2013 13 Peace of Mind
13%
1994 Cross Purposes Psychophobia
13%
1998 Singles Selling My Soul
13%
1992 Dehumanizer Sins of the Father
13%
1987 The Eternal Idol The Shining
13%
1987 The Eternal Idol Ancient Warrior
11%
1986 Seventh Star Angry Heart
11%
1990 Tyr Feels Good to Me
11%
1989 Headless Cross Kill in the Spirit World
11%
1998 Singles Psycho Man
11%
1983 Born Again The Dark
11%
1995 Forbidden The Illusion of Power
11%
1992 Dehumanizer Too Late
11%
1994 Cross Purposes Virtual Death
11%
1989 Headless Cross Black Moon
9%
1995 Forbidden Get a Grip
9%
1987 The Eternal Idol Glory Ride
9%
1990 Tyr Heaven in Black
9%
1994 Cross Purposes Immaculate Deception
9%
1986 Seventh Star In for the Kill
9%
1989 Headless Cross Nightwing
9%
1990 Tyr The Law Maker
9%
1986 Seventh Star Turn to Stone
9%
1994 Cross Purposes Back to Eden
8%
1994 Cross Purposes Dying for Love
8%
1986 Seventh Star Heart Like a Wheel
8%
1986 Seventh Star In Memory...
8%
1992 Dehumanizer Masters of Insanity
8%
1995 Forbidden Rusty Angels
8%
1987 The Eternal Idol Scarlet Pimpernel
8%
1986 Seventh Star Sphinx (The Guardian)
8%
1989 Headless Cross The Gates of Hell
8%
1994 Cross Purposes The Hand That Rocks the Cradle
8%
1987 The Eternal Idol Born to Lose
6%
1989 Headless Cross Call of the Wild
6%
1994 Cross Purposes Cardinal Sin
6%
1986 Seventh Star Danger Zone
6%
1994 Cross Purposes Evil Eye
6%
1987 The Eternal Idol Hard Life to Love
6%
1987 The Eternal Idol Nightmare
6%
1990 Tyr The Battles of Tyr
6%
1987 The Eternal Idol Lost Forever
5%
1995 Forbidden Shaking Off the Chains
5%
1995 Forbidden Guilty as Hell
3%
1995 Forbidden I Won't Cry for You
3%
1995 Forbidden Kiss of Death
3%
1995 Forbidden Sick and Tired
3%
1995 Forbidden Can't Get Close Enough
2%
No matching quizzes found
Score Distribution
Percent of People with Each Score
Percentile by Number Answered
Your Score History
You have not taken this quiz